000 00501nmm a2200169Ia 4500
008 251105s9999||||xx |||||||||||||||||und||
020 _a9786287543195
041 _aspa
100 _aVélez Caicedo, Ana Cristina
245 0 _aCasi de piedra
264 _a[Bogotá, Colombia] :
_bSílaba Editores,
_c[Fecha de publicación no identificada]
300 _a0 páginas
490 _aTrazos y sílabas
650 _aRomance
856 _uhttps://public.digitaliapublishing.com/a/124238
942 _cCF
999 _c76070
_d76070